<?xml version="1.0" encoding="UTF-8"?>
<record
    xmlns:xsi="http://www.w3.org/2001/XMLSchema-instance"
    xsi:schemaLocation="http://www.loc.gov/MARC21/slim http://www.loc.gov/standards/marcxml/schema/MARC21slim.xsd"
    xmlns="http://www.loc.gov/MARC21/slim">

  <leader>00804nam a22002057a 4500</leader>
  <controlfield tag="005">20170707142924.0</controlfield>
  <datafield tag="010" ind1=" " ind2=" ">
    <subfield code="a">B-634831</subfield>
  </datafield>
  <datafield tag="020" ind1=" " ind2=" ">
    <subfield code="a">9788174465061</subfield>
    <subfield code="c">640.00</subfield>
  </datafield>
  <datafield tag="035" ind1=" " ind2=" ">
    <subfield code="a">B-634831</subfield>
  </datafield>
  <datafield tag="037" ind1=" " ind2=" ">
    <subfield code="b">DPL/RP/KK Publications</subfield>
  </datafield>
  <datafield tag="082" ind1=" " ind2=" ">
    <subfield code="a">658.5</subfield>
  </datafield>
  <datafield tag="100" ind1=" " ind2=" ">
    <subfield code="a">Kachru, Upendra</subfield>
  </datafield>
  <datafield tag="245" ind1=" " ind2=" ">
    <subfield code="a">Production and operations management :</subfield>
    <subfield code="b">text and cases /</subfield>
    <subfield code="c">by Upendra Kachru</subfield>
  </datafield>
  <datafield tag="260" ind1=" " ind2=" ">
    <subfield code="a">New Delhi</subfield>
    <subfield code="b">Excel Books</subfield>
    <subfield code="c">2013(repr.)</subfield>
  </datafield>
  <datafield tag="270" ind1=" " ind2=" ">
    <subfield code="a">A-45 naraina Phase-I</subfield>
    <subfield code="b">New Delhi</subfield>
    <subfield code="e">110028</subfield>
  </datafield>
  <datafield tag="300" ind1=" " ind2=" ">
    <subfield code="a">xxix,811p.</subfield>
    <subfield code="c">27cm(pbk)</subfield>
  </datafield>
  <datafield tag="500" ind1=" " ind2=" ">
    <subfield code="a">Includes bibliographical references and index</subfield>
  </datafield>
  <datafield tag="942" ind1=" " ind2=" ">
    <subfield code="2">ddc</subfield>
    <subfield code="c">EN</subfield>
    <subfield code="h">658.5</subfield>
    <subfield code="m">KAC</subfield>
  </datafield>
  <datafield tag="999" ind1=" " ind2=" ">
    <subfield code="c">104160</subfield>
    <subfield code="d">104160</subfield>
  </datafield>
  <datafield tag="952" ind1=" " ind2=" ">
    <subfield code="0">0</subfield>
    <subfield code="1">0</subfield>
    <subfield code="4">0</subfield>
    <subfield code="7">0</subfield>
    <subfield code="8">NFIC</subfield>
    <subfield code="a">L</subfield>
    <subfield code="b">L</subfield>
    <subfield code="d">2016-10-22</subfield>
    <subfield code="e">KK Publications/BL142/18.10.2016/RP2/29.9.2016/21.102016</subfield>
    <subfield code="g">640.00</subfield>
    <subfield code="l">0</subfield>
    <subfield code="o">658.5 KAC</subfield>
    <subfield code="p">B-634831</subfield>
    <subfield code="r">2016-10-22 00:00:00</subfield>
    <subfield code="t">1</subfield>
    <subfield code="v">640.00</subfield>
    <subfield code="w">2016-10-22</subfield>
    <subfield code="y">EN</subfield>
  </datafield>
</record>
